| Tag |
First Indicator |
Second Indicator |
Subfields |
| LEADER |
00000cam a2200000 a 4500 |
| 001 |
in00001726021 |
| 005 |
20220106093519.0 |
| 008 |
021212s2002 dcu f000 0 eng c |
| 035 |
|
|
|a (OCoLC)ocm51289179
|
| 040 |
|
|
|a WCL
|c WCL
|d GPO
|d MvI
|d UtOrBLW
|
| 042 |
|
|
|a pcc
|
| 043 |
|
|
|a n-us---
|
| 049 |
|
|
|a UDOC
|a WWW
|
| 074 |
|
|
|a 1008-C
|
| 074 |
|
|
|a 1008-C (online)
|
| 074 |
|
|
|a 1008-D (MF)
|
| 074 |
|
|
|a 1008-D (online)
|
| 086 |
0 |
|
|a Y 1.1/8:107-780
|
| 110 |
1 |
|
|a United States.
|b Congress.
|b House.
|b Committee on Rules.
|
| 245 |
1 |
0 |
|a Waiving points of order against the conference report to accompany S. 1214, Maritime Transportation Antiterrorism Act of 2002 :
|b report (to accompany H. Res. 605).
|
| 246 |
3 |
0 |
|a Maritime Transportation Antiterrorism Act of 2002
|
| 264 |
|
1 |
|a [Washington, D.C.] :
|b [U.S. G.P.O.],
|c [2002]
|
| 300 |
|
|
|a 1 unnumbered leaf ;
|c 24 cm.
|
| 336 |
|
|
|a text
|b txt
|2 rdacontent
|
| 337 |
|
|
|a unmediated
|b n
|2 rdamedia
|
| 338 |
|
|
|a sheet
|b nb
|2 rdacarrier
|
| 490 |
1 |
|
|a Report / 107th Congress, 2d session, House of Representatives ;
|v 107-780
|
| 500 |
|
|
|a Caption title.
|
| 500 |
|
|
|a Distributed to some depository libraries in microfiche.
|
| 500 |
|
|
|a Shipping list number: 2003-0056-P.
|
| 500 |
|
|
|a "November 13, 2002."
|
| 500 |
|
|
|a Shipping List Date: 12/10/2002
|
| 530 |
|
|
|a Also available via Internet from the GPO Access web site. Addresses as of 1/6/03: http://frwebgate.access.gpo.gov/cgi-bin/getdoc.cgi?dbname=107c̲ongr̲eports&docid=f:hr780.107 (text version), http://frwebgate.access.gpo.gov/cgi-bin/getdoc.cgi?dbname=107c̲ongr̲eports&docid=f:hr780.107.pdf (PDF version); current access is available via PURLs.
|
| 650 |
|
0 |
|a Shipping
|x Security measures
|z United States.
|
| 650 |
|
0 |
|a Terrorism
|z United States
|x Prevention.
|
| 810 |
1 |
|
|a United States.
|b Congress.
|b House.
|t Report ;
|v 107-780.
|
| 856 |
4 |
1 |
|3 Text version:
|u https://purl.fdlp.gov/GPO/LPS25519
|t 0
|
| 856 |
4 |
1 |
|3 PDF version:
|u https://purl.fdlp.gov/GPO/LPS25520
|z Adobe Acrobat Reader required
|t 0
|
| 999 |
|
|
|a MARS
|
| 999 |
f |
f |
|s 3613355d-34f8-3ebb-bcf2-8a76a0b4047b
|i 5849c02d-15e2-3dee-98f2-83050f1e2acc
|t 0
|
| 952 |
f |
f |
|a Texas A&M University
|b College Station
|c Electronic Resources
|d Available Online
|t 0
|e Y 1.1/8:107-780
|h Superintendent of Documents classification
|
| 998 |
f |
f |
|a Y 1.1/8:107-780
|t 0
|l Available Online
|